Normal view
MARC view
- المحاسبة-المؤسسات الحكومية-معايير المحاسبة الدولية
Entry Topical Term
001 - CONTROL NUMBER
- control field: 63068
003 - CONTROL NUMBER IDENTIFIER
- control field: JO-AjAnu
005 - DATE AND TIME OF LATEST TRANSACTION
- control field: 20230606084309.0
008 - FIXED-LENGTH DATA ELEMENTS
- fixed length control field: 230606|| aca||aabn | a|a d
040 ## - CATALOGING SOURCE
- Original cataloging agency: JO-AjAnu
- Transcribing agency: JO-AjAnu
150 ## - HEADING--TOPICAL TERM
- Topical term or geographic name entry element: المحاسبة-المؤسسات الحكومية-معايير المحاسبة الدولية
670 ## - SOURCE DATA FOUND
- Source citation: Work cat.: (JO-AjAnu)32156: تاليف ارديني، طه احمد حسن؛ مراجعة قاسم محسن الحبيطي, author 63067, الاطار المفاهيمي للمحاسبة الحكومية في ضوء(CF-IPSASB)